LIBRARY ONLINE CATALOGUE

BizPlanBuilder Express : (Record no. 9058)

MARC details
000 -LEADER
fixed length control field 00713nam a22002172 4500
001 - CONTROL NUMBER
control field 0000019720
005 - DATE AND TIME OF LATEST TRANSACTION
control field 20151217152200.0
008 - FIXED-LENGTH DATA ELEMENTS--GENERAL INFORMATION
fixed length control field 110122s xx 000 0 eng d
020 ## - INTERNATIONAL STANDARD BOOK NUMBER
International Standard Book Number 0324261446 :
040 ## - CATALOGING SOURCE
Original cataloging agency KABU
Transcribing agency KABU
245 10 - TITLE STATEMENT
Title BizPlanBuilder Express :
Remainder of title a guide to creating a business plan with BizPlanBuilder /
Statement of responsibility, etc. edited by Jim Reidel.
250 ## - EDITION STATEMENT
Edition statement 1st ed.
260 ## - PUBLICATION, DISTRIBUTION, ETC. (IMPRINT)
Place of publication, distribution, etc. Mason, OH :
Name of publisher, distributor, etc. South-Western,
Date of publication, distribution, etc. 2004.
300 ## - PHYSICAL DESCRIPTION
Extent viii, 179 p.
650 #0 - SUBJECT ADDED ENTRY--TOPICAL TERM
Topical term or geographic name as entry element Business planning
General subdivision Computer programms.
-- 0000179622
700 1# - ADDED ENTRY--PERSONAL NAME
Personal name Reidel, Jim.
-- 0000179623
710 2# - ADDED ENTRY--CORPORATE NAME
Corporate name or jurisdiction name as entry element JIAN Tools for Sale.
-- 0000179624
852 1# - LOCATION
-- p3507 KES
908 ## - PUT COMMAND PARAMETER (RLIN)
Put command parameter 110122
950 ## - LOCAL HOLDINGS (RLIN)
-- 1
Holdings
Withdrawn status Lost status Source of classification or shelving scheme Not for loan Home library Current library Date acquired Total Checkouts Full call number Barcode Date last seen Price effective from Koha item type
    Library of Congress Classification   Kabarak, Main Campus Kabarak, Main Campus 17/12/2015   HD30.28 .B59 2004 c. 1 23116 02/08/2024 17/12/2015 General Collection